Responses for Show #6465 - Friday, October 26, 2012

Keith Whitener game 3.

Contestants

[<< previous game]

Meredith Bateman, a grocery merchandiser from Cincinnati, Ohio

Tori Lewis, a student of art history from San Diego, California

Keith Whitener, a research chemist originally from Charlotte, North Carolina (whose 2-day cash winnings total $51,200)

[next game >>]

Jeopardy! Round responses

EXIT THROUGH THE GIFT SHOP
A SPANISH INQUISITION
(Alex: You have to translate the Spanish word in the clue.)
THE GREAT & POWERFUL OZ
MIKHAILS
NAVY
REMEMBERING ERNEST BORGNINE
    $200 10
the Monterey Bay Aquarium

Tori
    $200 5
the hip

Tori
    $200 22
Kansas

Keith
    $200 2
Gorbachev

Meredith
    $200 1
(Tori? What is plebeian?)
(Meredith: What is seaman?)
(Keith: What is cadet?)

midshipman

KeithToriMeredith
Triple Stumper
    $200 15
Hollywood Squares

Meredith
    $400 11
sequoia

Keith
    $400 6
banana

Keith
    $400 13
the AK-47

Keith
    $400 3
(Alex: And that Navy decoration is [*].)

the Navy Cross

Triple Stumper
    $400 16
SpongeBob SquarePants

Meredith
    $600 12
(Keith: Who is Steinbeck?)
...
(Alex: The author is [*], Little House On the Prairie.)

Laura Ingalls Wilder

Keith
Triple Stumper
    $600 7
the bailiff

Keith
    $400 14
Baryshnikov

Keith
    $600 4
the SEALs

Keith
    $600 17
Marty

Meredith
    $800 20
(Alex: That's the city.)

Barcelona

Tori
    $800 8
a loser

Keith
    $800 27
[The end-of-round signal sounds.]

pins & needles

Meredith
    $800 23
[less than a minute to go now]

Romanov

Keith
    $800 18
(Alex: She's the lady.)

Ethel Merman

Meredith
    $1000 21
(Meredith: What is Sienna?)
(Tori: What is Venice?)
(Alex: The reference is to the Bible. The Wedding Feast at [*].)

Cana

ToriMeredith
Triple Stumper
    $1000 9
(Meredith: What is the alligator pit?)
(Tori: What is the [*] pit?)

bear

ToriMeredith
    $1000 26
(Alex: Calls him [*].)

humbug

Triple Stumper
    $1000 24
chess

Keith
    $1000 25
the Pacific Fleet

Keith
    $1000 19
(Alex: Congratulations. You ran the category.)

From Here to Eternity

Meredith

Scores at the first commercial break (after clue 14):

Keith Tori Meredith
$2,800 $1,200 -$1,000

Scores at the end of the Jeopardy! Round:

Keith Tori Meredith
$5,800 $1,000 $1,800

Double Jeopardy! Round responses

100 YEARS AGO--1912
BEAUTY QUEENS
GEOGRAPHIC NICKNAMES
BUSINESS & INDUSTRY
THANKS FOR THE TITLE, SHAKESPEARE
LET'S HAVE A "BALL"
    $400 2
(Tori: What is the Mediterranean?)

the English Channel

ToriMeredith
    $400 1
Diane Sawyer

Meredith
    $400 7
the Netherlands

Keith
    $400 30
oil

Keith
    $400 17
Remembrance of Things Past

Keith
    $400 12
meatball

Meredith
    $800 3
Jim Thorpe

Triple Stumper
    $800 21
(Keith: Who is Teri Hatcher?)
(Tori: [long pause] Oh. [shakes head])
(Meredith: Who is Nicollette Sheridan?)

Eva Longoria

KeithToriMeredith
Triple Stumper
    $800 8
Salt Lake City

Keith
    $800 19
airplanes

Keith
    $800 18
(Tori: What are The Witches of Eastwick?)

The Weird Sisters

Tori
Triple Stumper
    $800 13
mothball

Keith
    $1200 4
Piltdown Man

Keith
    $1200 22
Halle Berry

Tori
    $2,000 9
Mount Etna

Keith
    $1200 20
CVS

Tori
    $1200 29
Twice-Told Tales

Triple Stumper
    $1200 14
blackball

Keith
    $1600 5
(Keith: What is Austria-Hungary?)

the Ottoman Empire

KeithTori
    $1600 23
Michelle Pfeiffer

Meredith
    $1600 10
the Bay of Fundy

Triple Stumper
    $1600 26
Atari

Keith
    $3,200 28
The Winter of Our Discontent

Meredith
    $1600 15
(Meredith: Um...)
(Alex: Ooh, say something.)
(Meredith: No. Sorry.)

a puffball

Meredith
Triple Stumper
    $2000 6
(Tori: What is flight? Oh, the Royal Flight Command?)

Royal Flying Corps

ToriMeredith
    $2000 24
Delta Burke

Keith
    $2000 11
Bangkok, Thailand

Triple Stumper
    $2000 25
Yelp

Tori
    $2000 27
Infinite Jest

Meredith
    $2000 16
a buckyball

Keith

Scores at the end of the Double Jeopardy! Round:

Keith Tori Meredith
$17,000 $3,000 $9,400

[wagering suggestions for these scores]

Final Jeopardy! Round responses

21st CENTURY GAMES
ToriWhat is Halo?
$1
MeredithWhat is Skyrim?
$9,400
KeithWhat is Resident Evil?
$1,801
Angry Birds

Final scores:

Keith Tori Meredith
$15,199 $2,999 $0
3-day champion: $66,399 2nd place: $2,000 3rd place: $1,000

Game dynamics:

Coryat scores:

Keith Tori Meredith
$16,400 $3,000 $7,800
23 R
(including 2 DDs),
4 W
8 R,
6 W
14 R
(including 1 DD),
5 W

Combined Coryat: $27,200

[game clues] [game scores] [suggest correction]

Game tape date: 2012-08-08
The J! Archive is created by fans, for fans. Scraping, republication, monetization, and malicious use prohibited; this site may use cookies and collect identifying information. See terms. The Jeopardy! game show and all elements thereof, including but not limited to copyright and trademark thereto, are the property of Jeopardy Productions, Inc. and are protected under law. This website is not affiliated with, sponsored by, or operated by Jeopardy Productions, Inc. Join the discussion at JBoard.tv.